000 00852nas a2200277 4500
001 BR2013007396
003 BR-BrBNA
005 20231205122926.0
007 ta
008 230509b bl.|||p| |||| 00| 00por d
040 _aBR-BrBNA
_bpor
_cBiblioteca Nacional de Agricultura
041 _a(Pt)
072 _aQ04
100 1 _aGomes, C.
100 1 _aKaram, L.B.
100 1 _aMacedo, R.E.F.
245 1 _aAtributos de qualidade da carne de paca (Agouti paca): perfil sensorial e força de cisalhamento
650 _aPACA
650 _aCARNE
650 _aCORTE
650 _aQUALIDADE
650 _aANÁLISE ORGANOLEPTICA
773 0 _tArquivo Brasileiro de Medicina Veterinária e Zootecnia (Brazil)
_xISSN 0102-0935
_g(Apr 2013), v. 65(2) p. 559-565
_wBR2013007396
909 _a202311
_bLúcia
_c55
_dLúcia Elande
942 _2AGRIS
_n0
_cANA
999 _c231291
_d231291